| 000 | 00466nam a2200169 4500 | ||
|---|---|---|---|
| 001 | 126628 | ||
| 003 | ES-MaACL | ||
| 005 | 20230906192842.0 | ||
| 007 | t| | ||
| 008 | 070214s1960 sp r ||||1| spa d | ||
| 100 | 1 |
_aRevenga, Pío. _996401 |
|
| 245 | 1 | 0 |
_aCría lucrativa de `el cerdo` / _cPío Revenga. |
| 250 | _a5ª. ed. rev. y ampl. | ||
| 260 |
_aBarcelona : _bSintes, _c1960. |
||
| 300 |
_a337 p. : _bil. ; _c21 cm. |
||
| 852 |
_aES-MaACL _jC-19840 _bR.47691 |
||
| 999 |
_c126628 _d126628 |
||